000 00909nam a2200301 a 4500
001 37850
003 AR-BaAGN
005 20231116150800.0
007 ta
008 220625s1998 ag |||||r|||| ||||||spa d
020 _a950-09-1258-9
040 _dAR-BaAGN
_aAR-BaAGN
_bspa
_eaacr
100 1 _aDuran, Juan Guillermo
245 1 0 _aEl padre Jorge María Salvaire y la familia Lazos de Villa Nueva :
_bun episodio de cautivos en Leubucó y Salinas Grandes : en los orígenes de la basílica de Luján : 1866-1875
250 _a1ª ed.
260 _aBuenos Aires :
_bPaulinas,
_c1998.
300 _a678 páginas :
_bil., mapas
336 _2rdacontent
_btxt
337 _2rdamedia
_bn
338 _2rdacarrier
_bnc
600 1 4 _aSalvaire, José María
650 4 _aCATOLICISMO
_91589
651 4 _aArgentina
_93645
942 _cLIBRO
999 _c37850
_d37850